TEXTBOOK OF NURSINF FOUNDATION (Record no. 1437)

MARC details
000 -LEADER
fixed length control field 00398nam a2200157Ia 4500
008 - FIXED-LENGTH DATA ELEMENTS--GENERAL INFORMATION
fixed length control field 220430s9999 xx 000 0 und d
020 ## - INTERNATIONAL STANDARD BOOK NUMBER
International Standard Book Number 9789385891540
041 ## - LANGUAGE CODE
Language code of text/sound track or separate title eng
082 ## - DEWEY DECIMAL CLASSIFICATION NUMBER
Classification number 610
100 ## - MAIN ENTRY--PERSONAL NAME
Personal name I CLEMENT
9 (RLIN) 119145
245 ## - TITLE STATEMENT
Title TEXTBOOK OF NURSINF FOUNDATION
250 ## - EDITION STATEMENT
Edition statement SECOND
260 ## - PUBLICATION, DISTRIBUTION, ETC. (IMPRINT)
Place of publication, distribution, etc. NAGPUR
Name of publisher, distributor, etc. JAYPEE PUBLICATION,NAGPUR
Date of publication, distribution, etc. 2017
300 ## - PHYSICAL DESCRIPTION
Extent 650
650 ## - SUBJECT ADDED ENTRY--TOPICAL TERM
Topical term or geographic name as entry element NURSING FOUNDATION
9 (RLIN) 45006
Holdings
Withdrawn status Lost status Damaged status Not for loan Home library Current library Date acquired Vendor Cost, normal purchase price Total Checkouts Barcode Date last seen Date last checked out Bill Date Koha item type Original Barcode Collection code Full call number
        Sitabai Nargundkar College of Nursing Nagpur Sitabai Nargundkar College of Nursing Nagpur 25/03/2017 REFERENCE BOOK PURCHASE JAYPEE BROTHERS INVOICE NO.139 626.00 3 SNCN-BK-1971 01/01/2025 24/12/2024 31/05/2022 Books 1971    
        Sitabai Nargundkar College of Nursing Nagpur Sitabai Nargundkar College of Nursing Nagpur 30/03/2017   626.50 1 SNCN-BB-316 17/02/2023 17/02/2023 15/05/2022 Book Bank     610